| 000 | 01718nam a2200325 a 4500 | ||
|---|---|---|---|
| 001 | 000046623 | ||
| 003 | DO-SdBPM | ||
| 005 | 20260212120147.0 | ||
| 007 | ta | ||
| 008 | 140602s2011 dr a 000 0 spa d | ||
| 020 | _a9789945405989 | ||
| 040 |
_aDO-SdBPM _bspa _cBPMSU _drda |
||
| 082 | 4 |
_a 923.2 7293 _bD812G 2011 _222 |
|
| 100 | 1 |
_aNúñez, Juan Gilberto _4aut. _eautor |
|
| 245 | 1 | 0 |
_aDuarte en mi corazón de niño / _cJuan Gilberto Núñez ; prólogo Juan Daniel Balcácer. |
| 250 | _a2a. ed. | ||
| 264 |
_aBogotá, Colombia : _bComisión Permanente de Efemérides Patrias, _c20121 |
||
| 300 |
_a100 [12] páginas : _bilustraciones, retratos; _c25 cm. |
||
| 336 |
_atexto _btxt _2rdacontent |
||
| 337 |
_asin mediación _bn _2rdamedia |
||
| 338 |
_avolumen _bnc _2rdacarrier |
||
| 500 | _aIncluye datos biográficos del autor | ||
| 505 | 0 | _aDedicatoria -- Prólogo-- Duarte en mi corazón de niño -- Perfil biográfico de Juan Pablo Duarte -- Naciminto y bautizo -- El niño -- Viaje a Norteamerica y Europa -- Retorno a Santo Domingo -- Inicio de la causa libertadorra -- Músico, poeta y soñador -- Procesión de Nuestra Señora del Carmen -- Fundación de La Trinitaria-- La filantrópica -- La dramática Revolución de la reforma -- Persecución y destierro a Curazao -- Labor independentista en el exilio -- De regreso a la reciente República Dominicana -- Entrada triunfal -- El general Duarte. | |
| 590 | _aInventariado, 2026/VM | ||
| 650 | 7 |
_aDuarte y Diez, Juan Pablo _d1813-1876 |
|
| 651 | 7 |
_aRepública Dominicana _xHistoria _y1844-1861 |
|
| 700 | 1 |
_aBalcácer, Juan Daniel, _d1949- _eprólogo |
|
| 710 | 1 |
_a (República Dominicana. _bFundación Luces y Sombras |
|
| 942 |
_2ddc _cBK |
||
| 999 |
_c15690 _d15690 |
||